00315nam a2200109 a 4500003000900000005001700009008004100026040001300067100001900080245007600099260003000175AR-BaBNM20251128203501.0082120s2002 ||||||||||||||000 | spa|| cAR-BaBNM1 aRojas, Ricardo00aHistoria de la literatura argentinabíndice general. 2 los coloniales aBuenos AiresbKraftc1960